000 00375 a2200157 4500
001 59963
020 _a3126755895
040 _cAnchieta - Pituba
100 _aEinhorn, Àgnes
240 1 0 _aDeutsch mit grips 2
_ldeu / ger
245 1 0 _aDeutsch mit grips 2
300 _a192
362 0 _a2003
650 4 _aLínguas germânicas (teutônicas) língua alemã
942 _cBK
999 _c59963
_d59963